Teritoriální a komoditní informace: Rusko

Dôležité informácie, ktoré sú potrebné pre podnikanie v zahraničnom obchode s Ruskom. Reforma daňovej sústavy Ruskej federácie. Platnoť medzinárodných zmlúv týkajúcich sa zdanenia. Nové pojmy a termíny používané v novom daňovom kódexe. Zásady činnosti a zdaňovania cudzích osôb v Ruskej federácii. Do...

Description complète

Enregistré dans:
Détails bibliographiques
Format: Chapitre de livre
Langue:tchèque
Sujets:
Tags: Ajouter un tag
Pas de tags, Soyez le premier à ajouter un tag!

MARC

LEADER 00000naa a2200000 4500
001 r036734
005 20230908092551.2
041 0 |a cze 
044 |a CZ 
245 1 0 |a Teritoriální a komoditní informace: Rusko 
520 |a Dôležité informácie, ktoré sú potrebné pre podnikanie v zahraničnom obchode s Ruskom. Reforma daňovej sústavy Ruskej federácie. Platnoť medzinárodných zmlúv týkajúcich sa zdanenia. Nové pojmy a termíny používané v novom daňovom kódexe. Zásady činnosti a zdaňovania cudzích osôb v Ruskej federácii. Dovozné dane. 
610 2 0 |a informácie obchodno-ekonomické 
610 2 0 |a Rusko 
610 2 0 |a sústava daňová 
610 2 0 |a reformy daňové 
610 2 0 |a zdaňovanie 
610 2 0 |a cudzinci 
610 2 0 |a kódexy 
610 2 0 |a dane importné 
610 2 0 |a podnikanie medzinárodné 
610 2 0 |a osoby právnické 
610 2 0 |a zastupiteľstvá obchodné